000 00437nam a22001577a 4500
999 _c15672
_d15672
003 OSt
008 190524b ||||| |||| 00| 0 eng d
020 _a9789332570023
082 _a658.0076
_bSIN/VE
100 _aSinha, Nishit K.
_94163
245 _aVerbal ability and reading comprehension for CAT
250 _a3rd ed.
260 _aUttar Pradesh
_bPearson India Education Services Pvt Ltd.
_c2016
300 _a6.38 p.
942 _cBK